[Event "Titled Tue 1st Jul Late"]
[Site "chess.com INT"]
[Date "2025.07.01"]
[Round "3"]
[White "Mata Gonzalez, Jose Fernando"]
[Black "Jagirapu, Harshin Reddy"]
[Result "0-1"]
[WhiteTitle "CM"]
[WhiteElo "2164"]
[BlackElo "2042"]
[WhiteFideId "5107423"]
[BlackFideId "39910679"]
[EventDate "2025.07.01"]

1. e4 c5 2. d4 cxd4 3. c3 Nf6 4. e5 Nd5 5. cxd4 d6 6. exd6 e6 7. Nc3 Bxd6 8. Nf3
Nc6 9. Bd3 O-O 10. O-O h6 11. Re1 Be7 12. h3 b6 13. Nxd5 exd5 14. Bf4 Bf6 15.
Bb1 Re8 16. Rxe8+ Qxe8 17. Qd3 g6 18. Bxh6 Nxd4 19. Nxd4 Qe1+ 20. Kh2 Qe5+ 21.
Qg3 Qxg3+ 22. Kxg3 Bxd4 23. Bd3 Bxb2 24. Re1 Bd7 25. Re7 Be6 26. Bxg6 Bf6 27.
Rxe6 fxe6 28. f4 Rc8 29. Kf3 Rc3+ 30. Ke2 Rg3 31. f5 exf5 32. Bxf5 Rxg2+ 33. Kf3
Rxa2 34. Be6+ Kh7 35. Bf8 Rd2 36. Ke3 Bg5+ 37. Kf3 d4 38. Bb4 Rb2 39. Be1 Kg7
40. Kg4 Bf6 41. Bg3 d3 42. Kf3 d2 43. Ke2 Bc3 44. h4 Rb1 45. Kd3 d1=Q+ 46. Kxc3
Rc1+ 47. Kb4 Qd4+ 48. Kb5 Qc5+ 49. Ka6 Ra1+ 50. Kb7 Qe7+ 51. Bd7 Qxd7+ 52. Kb8
Rc1 53. Be5+ Kg6 54. Bf4 Rc8# 0-1

[Event "Titled Tue 1st Jul Late"]
[Site "chess.com INT"]
[Date "2025.07.01"]
[Round "3"]
[White "Bluebaum, Matthias"]
[Black "Piliposyan, Robert"]
[Result "0-1"]
[WhiteTitle "GM"]
[BlackTitle "IM"]
[WhiteElo "2663"]
[BlackElo "2416"]
[WhiteFideId "24651516"]
[BlackFideId "13309978"]
[EventDate "2025.07.01"]

1. d4 Nf6 2. c4 c5 3. d5 b5 4. cxb5 a6 5. bxa6 g6 6. Nc3 Bg7 7. a7 Rxa7 8. e4
O-O 9. Nf3 d6 10. Be2 Ba6 11. O-O Qb6 12. a4 Nbd7 13. Ra3 Rb8 14. Bb5 Ng4 15.
Nd2 Nge5 16. Qe2 g5 17. h3 Nf8 18. Rb3 Bxb5 19. Rxb5 Qd8 20. Rxb8 Qxb8 21. Nc4
Nxc4 22. Qxc4 Qb4 23. Qe2 h6 24. f4 gxf4 25. Bxf4 Ng6 26. Be3 Bxc3 27. bxc3 Qxe4
28. Qf2 Qxd5 29. Ra1 Qb3 30. Bxh6 Rxa4 31. Rf1 Ra2 32. Qf3 Qe6 33. Bg5 Ne5 34.
Qg3 Qg6 35. Kh2 f6 36. Bxf6 Qxg3+ 37. Kxg3 exf6 38. Rxf6 Rd2 39. h4 Kg7 40. Re6
Ng6 41. Re8 Rd3+ 42. Kg4 Rxc3 43. h5 Ne5+ 44. Kf4 Rc2 45. Re6 Rf2+ 46. Ke4 Rf6
47. Re8 Nf7 48. Kd5 Rf5+ 49. Kc4 Rxh5 50. Re3 Rg5 51. g3 Kf6 52. Kb5 Ne5 53. Ra3
Ke6 54. Ra8 Rxg3 55. Re8+ Kd5 56. Rh8 Rb3+ 57. Ka4 c4 58. Rc8 Kd4 59. Ka5 c3 60.
Ka4 Rb7 61. Ka3 Kd3 62. Rc7 Rxc7 0-1

[Event "Titled Tue 1st Jul Late"]
[Site "chess.com INT"]
[Date "2025.07.01"]
[Round "3"]
[White "Leiva, Gianmarco"]
[Black "Kjaergaard-Jensen, Jesper"]
[Result "1-0"]
[WhiteTitle "IM"]
[BlackTitle "CM"]
[WhiteElo "2387"]
[BlackElo "2081"]
[WhiteFideId "3804399"]
[BlackFideId "1406990"]
[EventDate "2025.07.01"]

1. a4 Nf6 2. a5 d5 3. h4 c5 4. h5 Nc6 5. a6 b5 6. e4 dxe4 7. Bxb5 Qb6 8. Nc3 Bd7
9. d3 exd3 10. Qxd3 O-O-O 11. Qf3 Nd4 12. Qa8+ Kc7 13. Bf4+ e5 14. Bxe5+ Bd6 15.
Bxd6+ Kxd6 16. Qb7 Rhe8+ 17. Kd1 Qxb7 18. axb7 Bxb5 19. Rxa7 Kc7 20. Ra8 Rxa8
21. bxa8=N+ Rxa8 22. h6 g6 23. Kc1 Ra1+ 24. Nb1 Bc6 25. Rh4 Bxg2 26. Rf4 Ra6 27.
f3 Kd7 28. b4 Ke6 29. c3 Nf5 30. b5 Rb6 31. c4 Nd4 32. Nc3 g5 33. Rxf6+ Kxf6 34.
Nd5+ Kg6 35. Nxb6 Kxh6 36. Nd7 Nxf3 37. Nxf3 Bxf3 38. Kd2 g4 39. Ke3 Kg5 40.
Nxc5 h5 41. b6 Ba8 42. b7 Bxb7 43. Nxb7 f5 44. c5 f4+ 45. Ke4 g3 46. Kf3 h4 47.
c6 h3 48. Nd6 h2 49. Ne4+ Kg6 50. Kg2 Kf5 51. Nxg3+ fxg3 52. c7 Kf4 53. c8=Q
h1=Q+ 54. Kxh1 Kf3 55. Kg1 1-0

[Event "Titled Tue 1st Jul Late"]
[Site "chess.com INT"]
[Date "2025.07.01"]
[Round "3"]
[White "Bukreev, Stanislav"]
[Black "Sitbon, Itay"]
[Result "1-0"]
[WhiteTitle "FM"]
[WhiteElo "2305"]
[BlackElo "2206"]
[WhiteFideId "34252347"]
[BlackFideId "2820706"]
[EventDate "2025.07.01"]

1. d4 d5 2. c4 e6 3. Nf3 Be7 4. Nc3 Nf6 5. Bf4 O-O 6. e3 a6 7. cxd5 exd5 8. Bd3
c5 9. dxc5 Nbd7 10. O-O Nxc5 11. h3 Be6 12. Rc1 Nxd3 13. Qxd3 Qa5 14. Nd4 Rac8
15. Rfd1 Rfd8 16. Be5 b5 17. Nb3 Qb6 18. Bd4 Qb8 19. Na5 Bb4 20. Bxf6 gxf6 21.
Nb3 Qe5 22. Nd4 Kh8 23. Nce2 Rxc1 24. Rxc1 Rc8 25. Rxc8+ Bxc8 26. Qc2 Bd7 27.
Nf4 Bd6 28. Qb3 Be6 29. Qc3 Kg7 30. Qc6 Kh6 31. Qe8 Bc5 32. Ndxe6 fxe6 33. Qxe6
Qxe6 34. Nxe6 Bd6 35. g4 Be5 36. b3 Kg6 37. Nf4+ Kf7 38. Nxd5 Ke6 39. Nf4+ Kd6
40. Nd3 Bc3 41. e4 a5 42. Kg2 h6 43. Kg3 Bd2 44. Kh4 Ke6 45. Kh5 Kf7 46. f4 Kg7
47. h4 Be3 48. g5 hxg5 49. hxg5 fxg5 50. Kxg5 Kf7 51. Kf5 Ke7 52. e5 Kd7 53. Ke4
Bd2 54. f5 Ke7 55. Kd5 a4 56. bxa4 bxa4 57. Nc5 a3 58. f6+ Kf7 59. Ne4 Bb4 60.
e6+ Kg6 61. e7 Kf7 62. Nd6+ Bxd6 63. Kxd6 Kg8 64. e8=Q+ Kh7 65. Qf7+ Kh8 66.
Qg7# 1-0

[Event "Titled Tue 1st Jul Late"]
[Site "chess.com INT"]
[Date "2025.07.01"]
[Round "3"]
[White "Korchynskyi, Mykola"]
[Black "Krishnakumar, Sriram"]
[Result "0-1"]
[WhiteTitle "FM"]
[BlackTitle "FM"]
[WhiteElo "2335"]
[BlackElo "2197"]
[WhiteFideId "34138005"]
[BlackFideId "30915856"]
[EventDate "2025.07.01"]

1. d4 d5 2. c4 c6 3. Nc3 Nf6 4. cxd5 cxd5 5. Bf4 Nc6 6. e3 Bf5 7. Qb3 Na5 8.
Bb5+ Bd7 9. Qa4 Nc6 10. Nf3 e6 11. O-O a6 12. Bxc6 Bxc6 13. Qb3 Bd6 14. Ne5 O-O
15. Nxc6 bxc6 16. Bxd6 Qxd6 17. Na4 Rab8 18. Qc2 e5 19. dxe5 Qxe5 20. h3 Rfc8
21. Rac1 c5 22. Nxc5 Rxb2 23. Qa4 Qe8 24. Qxe8+ Rxe8 25. Nxa6 Rxa2 26. Nc7 Rd8
27. Rfd1 Kf8 28. f3 Ra5 29. Rd2 Ke7 30. Rb1 Rd7 31. Nb5 Rb7 32. Rdb2 Nd7 33. Nd4
Rxb2 34. Rxb2 Ra1+ 35. Kf2 g6 36. Rb7 f5 37. g4 Ra2+ 38. Kg3 fxg4 39. hxg4 Ra3
40. Kf4 Ra8 41. Rb1 Rf8+ 42. Kg3 Kd6 43. Rh1 Rf7 44. Ra1 Ne5 45. Ra6+ Kc5 46. f4
Nc4 47. Rc6+ Kb4 48. Kf3 Nd2+ 49. Ke2 Ne4 50. Kd3 Nf2+ 51. Ke2 Nxg4 52. Kf3 Nf6
53. Rc8 Ne4 54. Nc6+ Kb3 55. Ne5 Ra7 56. Rd8 Nc3 57. Rb8+ Kc2 58. Nc6 Rf7 0-1

[Event "Titled Tue 1st Jul Late"]
[Site "chess.com INT"]
[Date "2025.07.01"]
[Round "3"]
[White "Szpar, Milosz"]
[Black "Deichmann, Esteban Horacio"]
[Result "0-1"]
[WhiteTitle "IM"]
[WhiteElo "2495"]
[BlackElo "2103"]
[WhiteFideId "1184989"]
[BlackFideId "167410"]
[EventDate "2025.07.01"]

1. e4 e6 2. d4 d5 3. Nc3 Nf6 4. e5 Nfd7 5. Nce2 c5 6. c3 Nc6 7. Nf3 Qb6 8. g3 f6
9. exf6 Nxf6 10. Bg2 cxd4 11. Nexd4 Bd6 12. O-O O-O 13. Qe2 Re8 14. Be3 Qd8 15.
c4 e5 16. Nxc6 bxc6 17. cxd5 cxd5 18. Bg5 Bb7 19. Rfd1 Rb8 20. Rac1 h6 21. Bd2
Qb6 22. Rc2 e4 23. Nh4 d4 24. Qc4+ Bd5 25. Qa4 d3 26. Rcc1 Ng4 27. Rf1 Nxf2 28.
Rxf2 Rf8 29. Rf1 Bc5 30. Bf4 Bxf2+ 31. Rxf2 Rxf4 32. gxf4 e3 33. Bxd5+ Kh8 34.
Qe4 exf2+ 35. Kf1 d2 36. Bb3 Qxb3 37. Ng6+ Kg8 38. axb3 d1=Q+ 39. Kxf2 Qd2+ 40.
Kf1 Qd1+ 41. Kf2 Qxb3 42. Ne7+ Kf7 43. Nf5 Qxb2+ 44. Kg3 Rb3+ 45. Kg4 Qf6 46.
Qd5+ Kg6 47. Qe4 Kf7 48. Qd5+ Kg6 49. Nh4+ Kh7 50. Qe4+ g6 51. Qd5 h5+ 0-1

[Event "Titled Tue 1st Jul Late"]
[Site "chess.com INT"]
[Date "2025.07.01"]
[Round "3"]
[White "Manukyan, Artyom"]
[Black "Goltsev, Dmitry"]
[Result "1-0"]
[WhiteTitle "CM"]
[BlackTitle "FM"]
[WhiteElo "2121"]
[BlackElo "2180"]
[WhiteFideId "13305786"]
[BlackFideId "24176710"]
[EventDate "2025.07.01"]

1. e4 e6 2. d4 d5 3. Bd3 c5 4. exd5 exd5 5. c3 Nf6 6. Nf3 Nc6 7. O-O Be7 8. dxc5
Bxc5 9. Re1+ Be6 10. Nbd2 O-O 11. Nb3 Bb6 12. h3 Qd6 13. Be3 Rfe8 14. Bxb6 axb6
15. Nbd4 Bd7 16. Qb3 Na5 17. Qb4 Qxb4 18. cxb4 Nc6 19. a3 Ne4 20. Rad1 Rac8 21.
Nb5 Rcd8 22. Nc7 Rf8 23. Nxd5 Nd6 24. Nxb6 Be6 25. Ng5 Bb3 26. Bxh7+ Kh8 27. Rd3
Bc2 28. Rxd6 Rxd6 29. Bxc2 Nd4 30. Rd1 f6 31. Nc4 Rd5 32. Ne3 Rdd8 33. Rxd4 Rxd4
34. Ne6 Rfd8 35. Nxd4 Rxd4 36. Kf1 Kg8 37. Ke2 Kf7 38. b3 g6 39. f3 f5 40. Nc4
Ke6 41. a4 g5 42. a5 Rd5 43. Bd3 f4 44. Nd2 Ke5 45. b5 Kd4 46. Bc4 Re5+ 47. Ne4
Re7 48. a6 bxa6 49. bxa6 Rc7 50. Kf2 Rg7 51. Nd6 Kc5 52. Nc8 Rc7 53. Be6 Kc6 54.
a7 Kb7 55. Bd5+ Kxc8 56. a8=Q+ Kd7 57. Qa4+ Kd8 58. Be4 g4 59. hxg4 Kc8 60. Qa8+
Kd7 61. Qc6+ Rxc6 62. Bxc6+ Kxc6 63. g5 Kd6 64. g3 Ke6 65. gxf4 Kf5 66. Kg3 Kg6
67. b4 Kh5 68. b5 Kg6 69. Kg4 Kf7 70. f5 Ke7 71. Kf4 Kd6 72. g6 Kd5 73. g7 Kd6
74. g8=Q Kc5 75. Qc8+ Kb6 76. Qc6+ Ka5 77. b6 Kb4 78. b7 Ka5 79. Kg5 Kb4 80.
b8=Q+ Ka5 81. Qca8# 1-0

[Event "Titled Tue 1st Jul Late"]
[Site "chess.com INT"]
[Date "2025.07.01"]
[Round "3"]
[White "Risteski, Emil"]
[Black "Naroditsky, Daniel"]
[Result "1-0"]
[WhiteTitle "IM"]
[BlackTitle "GM"]
[WhiteElo "2374"]
[BlackElo "2619"]
[WhiteFideId "15005267"]
[BlackFideId "2026961"]
[EventDate "2025.07.01"]

1. e4 c5 2. Nc3 Nc6 3. Nge2 g6 4. d4 cxd4 5. Nxd4 Bg7 6. Be3 Nf6 7. Bc4 O-O 8.
Bb3 Re8 9. f3 d5 10. exd5 Nb4 11. Qd2 Nbxd5 12. Nxd5 Nxd5 13. Bf2 e5 14. Ne2 Nf4
15. Qxd8 Rxd8 16. Nxf4 exf4 17. c3 Re8+ 18. Kd2 Bf5 19. Rae1 Red8+ 20. Kc1 a5
21. Re7 a4 22. Bxf7+ Kh8 23. Rhe1 Bf6 24. Re8+ Kg7 25. Rxd8 Rxd8 26. Be6 a3 27.
Bxf5 axb2+ 28. Kc2 gxf5 29. Rb1 Re8 30. Rxb2 Re2+ 31. Kb3 Re7 32. Bd4 Kf7 33.
Bxf6 Kxf6 34. Kc4 Kg5 35. a4 Kh4 36. Kb5 h5 37. c4 Rg7 38. Kb6 Kg5 39. c5 Kh4
40. a5 Re7 41. a6 bxa6 42. Kxa6 Re6+ 43. Kb7 Re7+ 44. Kb6 Re8 45. Rc2 Rb8+ 46.
Kc7 Rg8 47. c6 Rg7+ 48. Kb6 Rg8 49. c7 Rg6+ 50. Kb7 Rg7 51. Kb8 Rg6 52. c8=Q Rg5
53. Rc4 Rxg2 54. Qxf5 Rb2+ 55. Kc7 Rb7+ 56. Kd6 Rb6+ 57. Ke5 Rb5+ 58. Ke4 Re5+
59. Qxe5 Kh3 60. Qxf4 h4 61. Qg4+ Kxh2 62. Rc2+ Kh1 63. Qg2# 1-0

[Event "Titled Tue 1st Jul Late"]
[Site "chess.com INT"]
[Date "2025.07.01"]
[Round "3"]
[White "Fomevor, Cephas Clinton"]
[Black "Pereyra, Horacio"]
[Result "0-1"]
[WhiteTitle "CM"]
[WhiteElo "1883"]
[BlackElo "2133"]
[WhiteFideId "12601330"]
[BlackFideId "113700"]
[EventDate "2025.07.01"]

1. d4 g6 2. c4 Bg7 3. Nc3 d6 4. Nf3 Nd7 5. Bg5 c5 6. e3 Ngf6 7. Be2 O-O 8. O-O
b6 9. Rc1 Bb7 10. h3 h6 11. Bh4 g5 12. Bg3 Ne4 13. Nxe4 Bxe4 14. b3 Nf6 15. Nd2
Bg6 16. dxc5 bxc5 17. Bf3 Rc8 18. Nb1 Qd7 19. Nc3 h5 20. Nd5 h4 21. Bh2 Nxd5 22.
cxd5 a5 23. Bg4 Bf5 24. Bxf5 Qxf5 25. Rc4 Rb8 26. Qd2 Rb4 27. Rfc1 Rfb8 28. e4
Qg6 29. Kh1 Bh6 30. R1c2 g4 31. Bf4 Bg7 32. hxg4 Qxg4 33. e5 h3 34. gxh3 Qxh3+
35. Kg1 dxe5 36. Bg3 Qf5 37. Rh4 Rxh4 38. Bxh4 e4 39. Bg3 Be5 40. Bxe5 Qxe5 41.
Rxc5 Rb6 42. Rc8+ Kg7 43. Qc2 Rg6+ 44. Kf1 e3 45. Qc3 Qxc3 46. Rxc3 exf2 47.
Kxf2 Rd6 48. Rg3+ Kf6 49. Rd3 Ke5 50. Ke3 Rxd5 51. Rxd5+ Kxd5 52. a3 e5 53. Kd3
f5 54. Ke3 f4+ 55. Kf3 Kd4 0-1

[Event "Titled Tue 1st Jul Late"]
[Site "chess.com INT"]
[Date "2025.07.01"]
[Round "3"]
[White "Sheremetev, Vladislav"]
[Black "Wang, Justin Zhide"]
[Result "0-1"]
[WhiteTitle "CM"]
[BlackTitle "CM"]
[WhiteElo "2133"]
[BlackElo "2085"]
[WhiteFideId "54188300"]
[BlackFideId "4312830"]
[EventDate "2025.07.01"]

1. e4 e5 2. Nf3 Nc6 3. Bb5 a6 4. Ba4 Bc5 5. d3 Nge7 6. Be3 Bxe3 7. fxe3 O-O 8.
O-O Kh8 9. Nbd2 d6 10. Qe1 Be6 11. Ng5 Qd7 12. Qh4 h6 13. Bb3 Bxb3 14. axb3 Kg8
15. Ngf3 Nb4 16. Ne1 Ng6 17. Qg3 Kh7 18. c3 Nc6 19. Nef3 Rae8 20. Rf2 d5 21.
Raf1 dxe4 22. dxe4 Nh8 23. Nh4 f6 24. b4 Ne7 25. Nf5 Nxf5 26. exf5 Qd3 27. e4
Qxg3 28. hxg3 Nf7 29. Nb3 Ng5 30. Nc5 b6 31. Nxa6 Nxe4 32. Nxc7 Re7 33. Ne6 Rc8
34. Rc2 Nxg3 35. Rf3 Nxf5 36. Rxf5 Rxe6 37. Rd2 Rc7 38. Rf3 e4 39. Re3 f5 40. g3
g5 41. Rd4 Rce7 42. c4 Kg6 43. c5 Kh5 44. Rc3 Kg4 45. c6 Rc7 46. b5 Re5 47. Rb3
Rc5 48. Kf2 Rc2+ 49. Ke1 h5 50. Rd7 Rc8 51. Rg7 Ra8 52. Kd1 Rg2 53. Ra3 Rd8+ 54.
Kc1 Rd5 55. Rc3 Rd8 56. c7 Rc8 57. Rd7 Rxg3 58. Rc4 Rb3 59. Rd8 Rxc7 60. Rxc7
Rxb5 61. Rg8 f4 62. Re7 e3 63. Kd1 Kf3 64. Reg7 g4 65. Rh8 g3 66. Rxh5 Rxh5 0-1

[Event "Titled Tue 1st Jul Late"]
[Site "chess.com INT"]
[Date "2025.07.01"]
[Round "3"]
[White "Boyer, Mahel"]
[Black "Aaron, Deepak"]
[Result "0-1"]
[WhiteTitle "GM"]
[WhiteElo "2523"]
[BlackElo "2318"]
[WhiteFideId "45102422"]
[BlackFideId "2009412"]
[EventDate "2025.07.01"]

1. g3 e5 2. Bg2 d6 3. c3 Nc6 4. d4 exd4 5. cxd4 d5 6. Nc3 Be6 7. Nh3 Nf6 8. Nf4
Bb4 9. O-O O-O 10. Qb3 a5 11. Rd1 Bxc3 12. bxc3 a4 13. Qxb7 Na5 14. Qb5 Nc4 15.
Nxe6 fxe6 16. Qc6 Qc8 17. Bf4 Ra6 18. Qxc7 Qxc7 19. Bxc7 Rc8 20. Bf4 Nb2 21.
Rdb1 a3 22. Rc1 Rac6 23. Bd2 Na4 24. e3 Nxc3 25. Bf1 Nfe4 26. Bxc3 Rxc3 27. Rxc3
Rxc3 28. Bb5 Rc2 29. Bd3 Rd2 30. Bxe4 dxe4 31. g4 Kf7 32. h4 Kf6 33. Kg2 e5 34.
dxe5+ Kxe5 35. Rb1 Rb2 36. Rc1 Rxa2 37. Rc5+ Kf6 38. Ra5 Ke6 39. Kg3 h6 40. h5
Kf6 41. Ra6+ Ke5 42. Rg6 Ra1 43. Kg2 a2 44. Ra6 Kd5 45. Ra7 Kc6 46. Ra8 Kb7 47.
Ra3 Kb6 48. Kh2 Kc5 49. Ra8 Kc4 50. Kg2 Kd3 51. Ra6 Kc4 52. Ra7 Kd5 53. Ra4 Ke5
54. Ra3 Ke6 55. Ra4 Kf6 56. Ra5 Kf7 57. Ra4 Kf6 58. Ra5 Kf7 59. Ra6 Ke7 60. Kh2
Kf7 61. Ra7+ Kf6 62. Kg2 Ke6 63. g5 hxg5 64. Ra5 Kf6 65. Kh2 Kf7 66. Kg2 Kg8 0-1

[Event "Titled Tue 1st Jul Late"]
[Site "chess.com INT"]
[Date "2025.07.01"]
[Round "3"]
[White "Sobek, Jaroslav"]
[Black "Herpai, Jozsef Matyas"]
[Result "1/2-1/2"]
[WhiteTitle "FM"]
[BlackTitle "CM"]
[WhiteElo "2195"]
[BlackElo "2056"]
[WhiteFideId "301388"]
[BlackFideId "786179"]
[EventDate "2025.07.01"]

1. d4 Nf6 2. c4 g6 3. Nc3 d5 4. Bf4 Bg7 5. e3 O-O 6. Rc1 Be6 7. Nf3 dxc4 8. Ng5
Bd5 9. e4 h6 10. exd5 hxg5 11. Bxg5 Nxd5 12. Bxc4 Nb6 13. Bb3 Qxd4 14. Qxd4 Bxd4
15. Nb5 Bxb2 16. Rc2 Be5 17. Nxc7 Bxc7 18. Rxc7 Nc6 19. Rxb7 Rab8 20. Rxb8 Rxb8
21. O-O Rd8 22. h4 Nd4 23. Bxe7 Re8 24. Bc5 Nxb3 25. axb3 Re4 26. g3 Kg7 27. Ra1
Nd7 28. Bxa7 Rb4 29. Rb1 Kf6 30. Be3 Ke5 31. Bd2 Rb5 32. b4 Kd4 33. Rd1 Kc4 34.
Bg5 Ne5 35. Be7 Nd3 36. Kg2 Re5 37. Bf8 Re2 38. Bc5 Nxc5 39. bxc5 Kxc5 40. Rd7
f5 41. Rf7 Re6 42. h5 Kd5 43. h6 Re8 44. Rg7 Ke5 45. Rxg6 Rh8 46. f4+ Kd5 47.
Kh3 Ke4 48. Kh4 Rh7 49. Kg5 Rh8 50. Rg7 Re8 51. h7 Rc8 52. Rg8 Rc3 53. Kh4 Rc1
54. h8=Q Kf3 55. Qb2 Re1 56. Qc3+ Kf2 57. Qxe1+ Kg2 58. Kg5 Kh3 59. Kxf5 Kg2 60.
Qe2+ Kg1 61. Rf8 Kh1 1/2-1/2

[Event "Titled Tue 1st Jul Late"]
[Site "chess.com INT"]
[Date "2025.07.01"]
[Round "3"]
[White "Taranenko, Evgueniy"]
[Black "Li, Yilin"]
[Result "1/2-1/2"]
[BlackTitle "WFM"]
[WhiteElo "2201"]
[BlackElo "1922"]
[WhiteFideId "14122138"]
[BlackFideId "8610410"]
[EventDate "2025.07.01"]

1. a3 e5 2. Nc3 d5 3. d4 exd4 4. Qxd4 c6 5. e4 dxe4 6. Qxd8+ Kxd8 7. Bf4 Bf5 8.
O-O-O+ Nd7 9. Nge2 Be7 10. Ng3 Bg6 11. Ngxe4 Nf6 12. Nd6 Bxd6 13. Bxd6 Re8 14.
Bc4 b5 15. Ba2 Kc8 16. Rhe1 Kb7 17. f3 Nb6 18. g4 h6 19. h4 h5 20. g5 Nfd7 21.
f4 Rad8 22. f5 Rxe1 23. Rxe1 Bxf5 24. Bxf7 g6 25. Re7 Ka6 26. Be6 Nf8 27. Bxf5
Rxd6 28. Bd3 Rd7 29. Re8 Rf7 30. Ne4 Nbd7 31. a4 Kb6 32. axb5 cxb5 33. b4 Rf4
34. Nd6 Rxh4 35. Nc8+ Kc7 36. Nxa7 Rxb4 37. Nxb5+ Kc6 38. c3 Rxb5 39. Bxb5+ Kxb5
40. Kc2 Kc4 41. Rc8+ Kd5 42. Re8 Kd6 43. Re2 Ne6 44. Rg2 Ke7 45. Kd3 Ne5+ 46.
Ke4 Ng4 47. Kd3 Nxg5 48. c4 Ne6 49. Kc3 Kd6 50. Kb4 Kc6 51. Ra2 Ne3 52. Ra6+ Kd7
53. c5 Nd5+ 54. Kc4 Ndc7 55. Ra7 Kc6 56. Ra2 h4 57. Rd2 g5 58. Rd6+ Kb7 59. c6+
Kb6 60. Kd3 h3 61. Ke3 g4 62. Kf2 Kc5 63. Rd7 Nd5 64. Rh7 Ndf4 65. Kg3 Ne2+ 66.
Kxg4 N2d4 67. Rxh3 Nxc6 68. Kg3 Ned4 69. Kg2 Kc4 70. Rh4 Ne5 71. Kh3 Nd3 72. Rg4
Nf2+ 73. Kg3 Nxg4 1/2-1/2

[Event "Titled Tue 1st Jul Late"]
[Site "chess.com INT"]
[Date "2025.07.01"]
[Round "3"]
[White "Burovic, Rijad"]
[Black "Kravtsiv, Martyn"]
[Result "0-1"]
[WhiteTitle "IM"]
[BlackTitle "GM"]
[WhiteElo "2420"]
[BlackElo "2598"]
[WhiteFideId "14407701"]
[BlackFideId "14113147"]
[EventDate "2025.07.01"]

1. e4 e5 2. f4 d5 3. exd5 exf4 4. Nf3 Nf6 5. Bc4 Nxd5 6. O-O Be6 7. Bb3 c5 8. d4
Nc6 9. c4 cxd4 10. cxd5 Bxd5 11. Bxd5 Qxd5 12. Bxf4 O-O-O 13. Nbd2 f6 14. Rc1 g5
15. Bg3 h5 16. Qb3 h4 17. Qxd5 Rxd5 18. Bf2 Kb8 19. Rfd1 Be7 20. Nb3 d3 21. Rc3
Rhd8 22. Nc1 d2 23. Nb3 Ne5 24. Nxe5 fxe5 25. Rc2 Bb4 26. a3 Rd3 27. axb4 Rxb3
28. Rcxd2 Rxd2 29. Rxd2 Rxb4 30. h3 b6 31. Re2 a5 32. Be1 Rb3 33. Bc3 a4 34.
Bxe5+ Kb7 35. Kf2 b5 36. Re3 Rb4 37. Kf3 Rc4 38. Rc3 Rb4 39. Rc7+ Kb6 40. Rg7
Rb3+ 41. Kg4 b4 42. Rxg5 Re3 43. Bf4 Re2 44. Kf3 Rxb2 45. Rg6+ Kb5 46. Rh6 a3
47. Be5 Rb3+ 48. Ke4 a2 49. Rxh4 Rb1 50. Rh5 Kc4 51. Kf3 Re1 52. Bh8 b3 53. Rh4+
Kd3 54. Rb4 Kc2 55. Rc4+ Kb1 56. Rb4 Kc2 57. Rb8 a1=Q 58. Bxa1 Rxa1 59. g4 b2
60. g5 Ra3+ 61. Kg4 Rb3 62. Rc8+ Kd2 63. Rd8+ Ke2 64. Re8+ Kf2 65. Rf8+ Kg2 0-1

[Event "Titled Tue 1st Jul Late"]
[Site "chess.com INT"]
[Date "2025.07.01"]
[Round "3"]
[White "Volodin, Alexandr E."]
[Black "Marcziter, Dmitrii"]
[Result "1/2-1/2"]
[WhiteTitle "FM"]
[BlackTitle "FM"]
[WhiteElo "2344"]
[BlackElo "2208"]
[WhiteFideId "34268871"]
[BlackFideId "13900765"]
[EventDate "2025.07.01"]

1. d4 Nf6 2. Nc3 d5 3. Bf4 Bf5 4. e3 e6 5. Bd3 Ne4 6. Nge2 Bb4 7. O-O Nd7 8. Nb5
Ba5 9. a4 O-O 10. f3 Nef6 11. c3 a6 12. Na3 c6 13. Nc2 Bc7 14. Bxc7 Qxc7 15. Ng3
Bxd3 16. Qxd3 e5 17. e4 Rfe8 18. Kh1 Rad8 19. Rae1 g6 20. Ne3 a5 21. exd5 Nxd5
22. Nxd5 cxd5 23. Qb5 exd4 24. cxd4 Nf6 25. Rc1 Qf4 26. Rcd1 h5 27. Ne2 Qe3 28.
Ng1 h4 29. Qxa5 Qb3 30. Qb5 Qxb5 31. axb5 Rd6 32. Rd3 Rb6 33. Rb3 Nh5 34. Rd1
Nf4 35. g3 hxg3 36. hxg3 Ne6 37. Re1 Ra8 38. Ne2 Ra5 39. Nc3 Nxd4 40. Rb4 Nc2
41. Re8+ Kg7 42. Rh4 Ra1+ 43. Kg2 Ne1+ 44. Kf2 Nd3+ 45. Ke3 Re1+ 46. Ne2 Nc5 47.
Kf2 Rb1 48. Rhh8 Rxb2 49. Rhg8+ Kf6 50. Ke3 R6xb5 51. Nf4 R5b3+ 52. Kd4 Ne6+ 53.
Nxe6 fxe6 54. Ref8+ Kg5 55. f4+ Kg4 56. Rxg6+ Kf3 57. Rxe6 Rd2+ 58. Kc5 Rc3+ 59.
Kb4 Rc4+ 60. Kb5 Rb2+ 61. Ka5 Rc3 62. Ka4 Rc1 63. Ka3 Rb5 64. Ka4 Rb2 65. Ka3
Rb5 66. Ka4 Rb2 1/2-1/2

[Event "Titled Tue 1st Jul Late"]
[Site "chess.com INT"]
[Date "2025.07.01"]
[Round "3"]
[White "Ribeiro, Gustavo"]
[Black "Beyer, Lorenz"]
[Result "1-0"]
[WhiteTitle "FM"]
[BlackTitle "CM"]
[WhiteElo "2314"]
[BlackElo "2226"]
[WhiteFideId "1941852"]
[BlackFideId "16245393"]
[EventDate "2025.07.01"]

1. e4 e6 2. d4 d5 3. Nd2 c5 4. Ngf3 cxd4 5. exd5 Qxd5 6. Bc4 Qd6 7. O-O Nf6 8.
Nb3 Nc6 9. Nbxd4 Nxd4 10. Qxd4 Qxd4 11. Nxd4 Bc5 12. Nb3 Bb6 13. a4 a6 14. a5
Ba7 15. Rd1 Bd7 16. Bg5 Bc6 17. Nd4 Be4 18. c3 O-O 19. h3 Rac8 20. Ra4 Bd5 21.
Bxd5 Nxd5 22. Nf5 exf5 23. Rxd5 f6 24. Bf4 Rcd8 25. Rxd8 Rxd8 26. Rb4 g5 27. Be3
Rd1+ 28. Kh2 Bb8+ 29. g3 Rd7 30. Kg2 Kf7 31. Rc4 Bc7 32. b4 Be5 33. f4 gxf4 34.
gxf4 Rd3 35. fxe5 Rxe3 36. Rc7+ Ke6 37. exf6 Kxf6 38. Rxh7 Rxc3 39. Rxb7 Rb3 40.
h4 Kg6 41. Kf2 Kh5 42. Ke2 Kxh4 43. Kd2 f4 44. Kc2 Re3 45. Rf7 Re4 46. Kb3 Kg3
47. Rg7+ Kf2 48. Rg6 f3 49. Rxa6 Rf4 50. Rc6 Ke2 51. a6 f2 52. Rc2+ Kd3 53. Rxf2
Rxf2 54. a7 Rf8 55. b5 Rf1 56. b6 Rb1+ 57. Ka4 Kc4 58. Ka3 Kc5 59. Ka2 Rxb6 60.
a8=Q Kb5 61. Qd5+ Ka6 62. Ka3 Ka7 63. Ka4 Kb8 64. Ka5 Rb7 65. Ka6 Ra7+ 66. Kb6
Rc7 67. Qd8+ Rc8 68. Qd6+ Ka8 69. Qd5+ Kb8 70. Qe5+ Ka8 71. Qa5+ Kb8 72. Qa7# 1-0

[Event "Titled Tue 1st Jul Late"]
[Site "chess.com INT"]
[Date "2025.07.01"]
[Round "3"]
[White "Bok, Benjamin"]
[Black "Villa Tornero, Alex"]
[Result "1-0"]
[WhiteTitle "GM"]
[BlackTitle "FM"]
[WhiteElo "2582"]
[BlackElo "2211"]
[WhiteFideId "1017063"]
[BlackFideId "54501091"]
[EventDate "2025.07.01"]

1. d4 Nf6 2. c4 c5 3. d5 e6 4. Nc3 exd5 5. cxd5 d6 6. e4 g6 7. f4 Bg7 8. Bb5+
Nfd7 9. a4 Na6 10. Nf3 Nb4 11. O-O a6 12. Be2 O-O 13. Be3 Re8 14. Bf2 Qc7 15.
Kh1 Nf6 16. Nd2 h5 17. h3 Bd7 18. Bg3 b5 19. axb5 axb5 20. Rxa8 Rxa8 21. Bxb5
Bxb5 22. Nxb5 Qb6 23. Nc3 Qa6 24. Kh2 Nd3 25. e5 Ne8 26. e6 Nxb2 27. exf7+ Kxf7
28. Qb3 Nd3 29. f5 gxf5 30. Rxf5+ Kg8 31. Nce4 Ne5 32. Qd1 h4 33. Bxh4 Qd3 34.
Qh5 c4 35. Bf6 c3 36. Bxg7 Nxg7 37. Nf6+ Kf8 38. Qh8+ Kf7 39. Qxa8 Qxf5 40. Nde4
Qf4+ 41. Kh1 Qc1+ 42. Kh2 Qf4+ 43. g3 Nf3+ 44. Kg2 Ne1+ 45. Kg1 Qf3 46. Ng5+ Kg6
47. Nxf3 Nxf3+ 48. Kh1 c2 49. Qc8 Nd4 50. Ne4 Ngf5 51. Qc4 Ne3 52. Qc3 Ne2 53.
Qxe3 c1=Q+ 54. Qxc1 Nxc1 55. Nxd6 Ne2 56. Ne4 Kf5 57. d6 Ke6 58. Kg2 Nd4 59. g4
Ke5 60. d7 Nc6 61. Ng3 Ke6 62. h4 Kxd7 63. g5 Ke6 64. Kf3 Ne5+ 65. Ke4 Nf7 66.
Kf4 Nd6 67. h5 Kf7 68. Ne4 Ke6 69. Nxd6 Kxd6 70. Kf5 Ke7 71. Kg6 Kf8 72. Kh7 Kf7
73. g6+ Kf8 74. g7+ Kf7 75. g8=Q+ 1-0